000 00360nam a2200133Ia 4500
008 151001s9999||||xx |||||||||||||| ||und||
100 _aM. S. Gill
245 _aHeroes of the world
250 _a1
260 _bM.S.Gill
260 _c1996
300 _a419
365 _b21
999 _c976435
_d976432